000 00592nam a2200181 4500
999 _c8372
_d8372
008 180131b xxu||||| |||| 00| 0 eng d
020 _a0-13-763343-2
082 _21988
_aDC 346.73043
_bK86
100 _925914
_aKratovil, Robert
245 _aReal estate law/
_cRobert Kratovil and Raymond J. Werner.
250 _aNINTH EDITION
260 _aEnglewood Cliffs, New Jersey:
_bPrentice Hall Inc.,
_c© 1988.
300 _axii, 639 pages:
_billustration;
_c23 cm.
521 _aIncludes index.
650 0 _925915
_aReal estate
700 _925916
_aWerner, Raymond J.
_eauthor
942 _2ddc
_cDC